000 00677nam a2200229Ia 4500
003 GCL
008 140319s9999 xx 000 0 ara d
040 _aGCL /
_cGCL
082 0 4 _aط
_b371.33
_bع ح
100 1 _aعبدالحميد توفيق زكى
245 1 0 _aحقيبة المهندس الصغير /
_cعبدالحميد توفيق زكى
700 1 _aحسام قاسم (رسوم)
700 1 _aمجدى بكر
700 1 _aعاطف عبدالرشيد
260 _a[S.N] :
_bسفير ،
_c1991
490 _a
650 0 4 _aالاطفال
650 0 4 _aتعليم
650 0 4 _aتدريب
650 0 4 _aالوسائل التعليمية
942 _2ddc
_cBK
999 _c56747
_d56747